Tìm hiểu nội dung và phương pháp dạy học toán diện tích ở Tiểu học

Nội dung dạy học diện tích. Phương pháp dạy học diện tích trong chương trình môn toán ở tiểu học. Tìm hiểu hoạt động dạy học diện tích ở trường tiểu học ở trường Trần Cao Vân, Tp Đà Nẵng

Αποθηκεύτηκε σε:
Λεπτομέρειες βιβλιογραφικής εγγραφής
Κύριος συγγραφέας: Cao, Thị Kim Trang
Άλλοι συγγραφείς: Phan Minh Trung ThS (Hướng dẫn)
Μορφή: Βιβλίο
Γλώσσα:Vietnamese
Έκδοση: Đại học Đà Nẵng Trường Đại học Sư Phạm 2011
Σειρά:Khóa luận tốt nghiệp Đại học. Chuyên ngành: Sư phạm tiểu học mầm non
Θέματα:
Ετικέτες: Προσθήκη ετικέτας
Δεν υπάρχουν, Καταχωρήστε ετικέτα πρώτοι!
Thư viện lưu trữ: Mạng thư viện Đại học Đà Nẵng
LEADER 01705nam a2200385 4500
001 000011346
003 7586
005 20120203100211.0
008 120203s2011 viesd
041 |a vie 
072 |a Khóa luận tốt nghiệp 
082 |a 372.7  |b CA-T 
100 |a Cao, Thị Kim Trang 
245 |a Tìm hiểu nội dung và phương pháp dạy học toán diện tích ở Tiểu học  |c Cao, Thị Kim Trang 
260 |a Đại học Đà Nẵng  |b Trường Đại học Sư Phạm  |c 2011 
300 |a 104 tr.  |b Tóm tăt, đĩa CD kèm theo  |c 29 cm 
490 |a Khóa luận tốt nghiệp Đại học. Chuyên ngành: Sư phạm tiểu học mầm non 
500 |a Tham khảo trang 104 
520 |a Nội dung dạy học diện tích. Phương pháp dạy học diện tích trong chương trình môn toán ở tiểu học. Tìm hiểu hoạt động dạy học diện tích ở trường tiểu học ở trường Trần Cao Vân, Tp Đà Nẵng 
653 |a tiểu học 
653 |a diện tích 
653 |a Khóa luận tốt nghiệp Đại học 
653 |a Khoa Giáo dục tiểu học mầm non 
653 |a toán 
700 |a Phan Minh Trung  |c ThS  |e Hướng dẫn 
OWN |a LSP 
AVA |a UDN50  |b LSP  |d 372.7 CA-T  |e available  |t Error 5001 Not defined in file expand_doc_bib_avail.  |f 1  |g 0  |h N  |i 0  |k 1 
999 |a From the UDN01 
AVA |a UDN50  |b LSP  |d 372.7 CA-T  |e available  |t Error 5001 Not defined in file expand_doc_bib_avail.  |f 1  |g 0  |h N  |i 0  |k 1 
TYP |a Monograph 
TYP |a Printed language 
980 |a Mạng thư viện Đại học Đà Nẵng